000 00368nam a2200133 i 4500
001 bg
100 1 _aWENNRICH, Pater
245 0 _aAnglo-amerikanische abkunungen und kunworter der elektrotechnik und angrenzender gabite /
_cPater Wennrich.
260 _aBerlin,
_c1970.
040 _cBPK
041 _apol
942 _cKS
008 s pl f |000 0 pol
999 _c25749
_d25749
856 _uhttp://koha.tu.koszalin.pl/cgi-bin/koha/opac-detail.pl?biblionumber=25749
_yKatalog online BPK